000
00320nam a22001217a 4500
008
180421b xxu||||| |||| 00| 0 eng d
041
_a
eng
080
_a
043.3
100
_a
0
101
_a
SHKI-MA
245
_a
ERP (Enterprise Resource Planning)System Emphasis on Microsoft Dynamic NAV
_c
Murtezaj, F
942
_2
udc
_c
BK
999
_c
45402
_d
45402